<?xml version="1.0" encoding="UTF-8"?><?xml-stylesheet type="text/xsl" href="static/style.xsl"?><OAI-PMH xmlns="http://www.openarchives.org/OAI/2.0/" xmlns:xsi="http://www.w3.org/2001/XMLSchema-instance" xsi:schemaLocation="http://www.openarchives.org/OAI/2.0/ http://www.openarchives.org/OAI/2.0/OAI-PMH.xsd"><responseDate>2026-06-07T06:30:49Z</responseDate><request verb="GetRecord" identifier="oai:riuma.uma.es:10630/29576" metadataPrefix="marc">https://riuma.uma.es/rest/oai/request</request><GetRecord><record><header><identifier>oai:riuma.uma.es:10630/29576</identifier><datestamp>2026-02-03T10:59:03Z</datestamp><setSpec>com_10630_2254</setSpec><setSpec>col_10630_37953</setSpec></header><metadata><record xmlns="http://www.loc.gov/MARC21/slim" xmlns:dcterms="http://purl.org/dc/terms/" xmlns:doc="http://www.lyncode.com/xoai" xmlns:xsi="http://www.w3.org/2001/XMLSchema-instance" xsi:schemaLocation="http://www.loc.gov/MARC21/slim http://www.loc.gov/standards/marcxml/schema/MARC21slim.xsd">
   <leader>00925njm 22002777a 4500</leader>
   <datafield ind2=" " ind1=" " tag="042">
      <subfield code="a">dc</subfield>
   </datafield>
   <datafield ind2=" " ind1=" " tag="720">
      <subfield code="a">Serrano-Angulo, José</subfield>
      <subfield code="e">author</subfield>
   </datafield>
   <datafield ind2=" " ind1=" " tag="720">
      <subfield code="a">Cebrián-Robles, Daniel</subfield>
      <subfield code="e">author</subfield>
   </datafield>
   <datafield ind2=" " ind1=" " tag="260">
      <subfield code="c">2014-05-10</subfield>
   </datafield>
   <datafield ind2=" " ind1=" " tag="520">
      <subfield code="a">En este trabajo se evalúa la usabilidad de herramientas en línea utilizadas en la educación universitaria. De todas las posibles herramientas se centra en especial en las e-Rúbricas utilizadas para la autoevaluación y la evaluación entre pares. Los resultados muestran un alto grado de usabilidad de esta herramienta y de satisfacción por parte de estudiantes que la emplean como recurso en su formación académica. Desde la perspectiva del diseño y de la accesibilidad se señalan los aspectos a mejorar en las e-Rúbricas evaluadas, sin entrar en aspectos de contenido de las mismas, o de los indicadores empleados, o de otras características propias de los instrumentos de evaluación, sino desde la perspectiva técnica de manejo en la web. Los resultados se han obtenido de la aplicación de un instrumento en línea del que se tiene un coeficiente de fiabilidad alfa de Cronbach de 0,889. El instrumento utilizado consta de unas pocas preguntas descriptivas sobre quien contesta y qué herramienta evalúa, seguidas de 22 enunciados en una escala Likert del 1 al 5. Los enunciados están dispuestos alternativamente en forma directa (1 peor valoración, a 5 mejor valoración), e indirecta (1 mejor valoración, a 5 peor valoración). Los resultados muestran que más del 50% de los que completan el cuestionario valoran la usabilidad de las herramientas evaluadas positivamente, en especial la e-Rúbrica, y menos del 20% valoran la usabilidad como baja. Este cuestionario puede utilizarse en la evaluación de la usabilidad de cualquier herramienta en la Web.</subfield>
   </datafield>
   <datafield ind1="8" ind2=" " tag="024">
      <subfield code="a">REDU. Revista de Docencia Universitaria, abril 2014, 12 (1),  177-195</subfield>
   </datafield>
   <datafield ind1="8" ind2=" " tag="024">
      <subfield code="a">https://hdl.handle.net/10630/29576</subfield>
   </datafield>
   <datafield ind1="8" ind2=" " tag="024">
      <subfield code="a">http://dx.doi.org/10.4995/redu.2014.6426</subfield>
   </datafield>
   <datafield tag="653" ind2=" " ind1=" ">
      <subfield code="a">Evaluación educativa</subfield>
   </datafield>
   <datafield tag="653" ind2=" " ind1=" ">
      <subfield code="a">Enseñanza superior - Innovaciones tecnológicas</subfield>
   </datafield>
   <datafield ind2="0" ind1="0" tag="245">
      <subfield code="a">Usabilidad y satisfacción de la e-rúbrica</subfield>
   </datafield>
</record>
</metadata></record></GetRecord></OAI-PMH>